[Event "RUS-ch Women Blitz 2019"]
[Site "Sochi"]
[Date "2019.10.17"]
[Round "1.1"]
[White "Bodnaruk, Anastasia"]
[Black "Trapeznikova, Darya"]
[Result "1-0"]
[WhiteElo "2419"]
[BlackElo "2065"]
[Annotator "NA RC"]
[PlyCount "88"]
[EventDate "2019.10.17"]
[EventType "swiss"]
[EventCountry "RUS"]
[SourceTitle "playchess.com"]
[Source "ChessBase"]
[SourceQuality "1"]
[TimeControl "180+2"]

1. e4 {[%emt 0:00:00]} e5 {[%emt 0:00:00]} 2. Nf3 {[%emt 0:00:00]} Nc6 {[%emt 0:00:00]} 3. Bb5 {[%emt 0:00:01]} a6 4. Ba4 Nf6 {[%emt 0:00:02]} 5. O-O {[%emt 0:00:01]} b5 {[%emt 0:00:01]} 6. Bb3 {[%emt 0:00:01]} Bb7 {[%emt 0:00:03]} 7. Re1 {[%emt 0:00:02]} Bc5 {[%emt 0:00:01]} 8. c3 {[%emt 0:00:01]} d6 {[%emt 0:00:01]} 9. d4 {[%emt 0:00:02]} Bb6 {[%emt 0:00:01]} 10. Be3 {[%emt 0:00:02]} O-O {[%emt 0:00:03]} 11. Nbd2 {[%emt 0:00:01]} h6 {[%emt 0:00:08]} 12. h3 {[%emt 0:00:06]} Re8 {[%emt 0:00:02]} 13. d5 {[%emt 0:00:03]} Ne7 {[%emt 0:00:04]} 14. Bxb6 {[%emt 0:00:07]} cxb6 {[%emt 0:00:01]} 15. Bc2 {[%emt 0:00:10]} Ng6 {[%emt 0:00:09]} 16. Bd3 {[%emt 0:00:11]} Nd7 {[%emt 0:00:07]} 17. g3 {[%emt 0:00:17]} Nc5 {[%emt 0:00:13]} 18. Bf1 {[%emt 0:00:08]} Rc8 {[%emt 0:00:08]} 19. Rc1 {[%emt 0:00:07]} Qd7 {[%emt 0:00:41]} 20. Qc2 {[%emt 0:00:21]} a5 {[%emt 0:00:21]} 21. Bg2 {[%emt 0:00:05]} Ba6 {[%emt 0:00:18]} 22. Nf1 {[%emt 0:00:07]} b4 {[%emt 0:00:03]} 23. c4 {[%emt 0:00:03]} b5 {[%emt 0:00:06]} 24. Ne3 {[%emt 0:00:23]} bxc4 {[%emt 0:00:10]} 25. Nxc4 {[%emt 0:00:01]} Na4 {[%emt 0:00:11]} 26. Nfd2 {[%emt 0:00:03]} Rc5 {[%emt 0:00:15]} 27. b3 {[%emt 0:00:07]} Nc3 {[%emt 0:00:01]} 28. a4 {[%emt 0:00:12]} Ne7 {[%emt 0:00:14]} 29. f4 {[%emt 0:00:07]} exf4 {[%emt 0:00:03]} 30. gxf4 {[%emt 0:00:01]} Ng6 {[%emt 0:00:06]} 31. f5 {[%emt 0:00:06]} Ne5 {[%emt 0:00:06]} 32. Nf3 {[%emt 0:00:43]} Nxc4 {[%emt 0:00:04]} 33. bxc4 {[%emt 0:00:00]} Bxc4 {[%emt 0:00:03]} 34. Qd2 {[%emt 0:00:08]} Nxa4 {[%emt 0:00:07]} 35. Nd4 {[%emt 0:00:04]} Ba6 {[%emt 0:00:05]} 36. Nc6 {[%emt 0:00:08]} Rxc1 37. Rxc1 {[%emt 0:00:01]} Bb5 {[%emt 0:00:05]} 38. Nd4 {[%emt 0:00:01]} Nc3 {[%emt 0:00:02]} 39. Kh2 {[%emt 0:00:04]} Qa7 {[%emt 0:00:01]} 40. f6 {[%emt 0:00:07]} a4 {[%emt 0:00:02]} 41. Qf2 {[%emt 0:00:04]} Nxe4 {[%emt 0:00:09]} 42. Bxe4 {[%emt 0:00:03]} Rxe4 {[%emt 0:00:01]} 43. Qg2 {[%emt 0:00:01]} g6 {[%emt 0:00:05]} 44. Qxe4 a3 {[%emt 0:00:05]} 1-0

[Event "RUS-ch Women Blitz 2019"]
[Site "Sochi"]
[Date "2019.10.17"]
[Round "1.2"]
[White "Markelova, Lubov"]
[Black "Voit, Daria"]
[Result "0-1"]
[WhiteElo "2198"]
[BlackElo "2336"]
[Annotator "TA"]
[PlyCount "72"]
[EventDate "2019.10.17"]
[EventType "swiss"]
[EventCountry "RUS"]
[SourceTitle "playchess.com"]
[Source "ChessBase"]
[SourceQuality "1"]

{[%evp 9,72,5,4,20,10,20,60,66,61,59,81,95,92,85,94,81,88,70,76,45,44,34,51,28,63,10,10,10,19,14,19,-77,42,47,52,21,585,551,586,588,585,577,622,605,634,638,688,675,717,709,685,638,660,553,536,307,301,-159,-159,-160,-162,-136,-117,-816,-794]} 1. Nf3 Nf6 2. c4 c5 3. Nc3 Nc6 4. e3 e5 5. d4 e4 6. Ne5 {A34: Symmetrical English: 2 Nc3, lines with ...d5} Be7 7. Be2 d6 $146 ({Predecessor:} 7... O-O 8. O-O Re8 9. Ng4 d6 10. d5 Nb8 11. b3 Bf5 12. Nxf6+ Bxf6 13. Bb2 {½-½ (55) Jakovenko,D (2748)-Grischuk,A (2774) Skopje 2015}) 8. Nxc6 {White is slightly better.} bxc6 9. dxc5 dxc5 10. Qxd8+ Kxd8 11. b3 Kc7 12. Ba3 Be6 13. Na4 Nd7 14. O-O f5 15. Rad1 g5 16. Rd2 Raf8 17. h3 (17. Bb2 $14) 17... h5 $11 18. Bb2 Rh7 19. Rfd1 $36 {[%mdl 2048] White is more active.} f4 20. Bf1 (20. Nc3 $11 Nf6 21. Re1) 20... g4 (20... fxe3 $17 21. fxe3 g4) 21. exf4 $14 gxh3 22. gxh3 Rxf4 $2 {[%mdl 8192] [#]} (22... Rhf7 $11 {and Black is okay.}) 23. Rxd7+ $1 $18 {[%mdl 576] Remove Defender} Bxd7 24. Be5+ {[%mdl 64] Double Attack} Kc8 {...Rf5 is the strong threat.} 25. Bxf4 h4 26. Kh2 Rf7 27. Be3 Bf6 28. Nxc5 Be5+ 29. Kh1 Bf5 30. Na4 Bg6 31. c5 Bh5 32. Ba6+ Kc7 {[#]} 33. Rd2 $2 (33. Bd4 $1 $18 {[%cal Rd4e5]} Bxd1 34. Bxe5+ Kd8 35. Bd4) 33... Bf3+ $17 {[%mdl 1024] Black has strong compensation.} 34. Kg1 {aiming for Nb6!} Rg7+ 35. Kf1 {[#] Threatens to win with Nb6!} Bh2 $1 {[%csl Gh2][%cal Rg7g1]} 36. Bg5 $2 {[%mdl 8192]} (36. Ke1 $17 Rg1+ 37. Bf1) 36... Rxg5 {Accuracy: White = 40%, Black = 33%.} 0-1

[Event "RUS-ch Women Blitz 2019"]
[Site "Sochi"]
[Date "2019.10.20"]
[Round "1.2"]
[White "Absalyamova, Karina"]
[Black "Vifleemskaia, Svetlana"]
[Result "0-1"]
[WhiteElo "1945"]
[BlackElo "1978"]
[Annotator "NA"]
[PlyCount "88"]
[EventDate "2019.10.17"]
[EventType "swiss"]
[EventCountry "RUS"]
[SourceTitle "playchess.com"]
[Source "ChessBase"]
[SourceQuality "1"]
[TimeControl "180+2"]

1. c4 {[%emt 0:00:00]} c5 {[%emt 0:00:00]} 2. Nc3 {[%emt 0:00:00]} Nf6 {[%emt 0:00:01]} 3. e4 {[%emt 0:00:03]} Nc6 {[%emt 0:00:04]} 4. g3 {[%emt 0:00:01]} g6 {[%emt 0:00:01]} 5. Bg2 {[%emt 0:00:01]} Bg7 {[%emt 0:00:01]} 6. d3 {[%emt 0:00:01]} O-O {[%emt 0:00:10]} 7. Nge2 {[%emt 0:00:01]} d6 {[%emt 0:00:03]} 8. O-O {[%emt 0:00:02]} Ne8 {[%emt 0:00:04]} 9. Be3 {[%emt 0:00:05]} Nd4 {[%emt 0:00:19]} 10. h3 {[%emt 0:00:08]} Nc7 {[%emt 0:00:05]} 11. Kh2 {[%emt 0:00:02]} Rb8 {[%emt 0:00:04]} 12. a4 {[%emt 0:00:11]} b6 {[%emt 0:00:15]} 13. f4 {[%emt 0:00:03]} f5 {[%emt 0:00:04]} 14. Rc1 {[%emt 0:00:37]} a6 {[%emt 0:00:05]} 15. Bxd4 {[%emt 0:01:04]} cxd4 {[%emt 0:00:03]} 16. Nd5 {[%emt 0:00:02]} e6 {[%emt 0:00:33]} 17. Nb4 {[%emt 0:00:06]} Bd7 {[%emt 0:00:06]} 18. b3 {[%emt 0:00:04]} a5 {[%emt 0:00:08]} 19. Nc2 {[%emt 0:00:02]} e5 {[%emt 0:00:01]} 20. Qe1 {[%emt 0:00:13]} Na6 {[%emt 0:00:07]} 21. Qf2 {[%emt 0:00:03]} Nc5 {[%emt 0:00:01]} 22. Qf3 {[%emt 0:00:20]} fxe4 {[%emt 0:00:09]} 23. dxe4 {[%emt 0:00:05]} d3 {[%emt 0:00:00]} 24. Qe3 {[%emt 0:00:13]} dxe2 {[%emt 0:00:05]} 25. Qxe2 {[%emt 0:00:02]} Nxb3 {[%emt 0:00:01]} 26. Rb1 {[%emt 0:00:04]} Nc5 {[%emt 0:00:02]} 27. Rbd1 {[%emt 0:00:06]} Bxa4 {[%emt 0:00:09]} 28. Rd5 {[%emt 0:00:06]} Bxc2 {[%emt 0:00:05]} 29. Qxc2 {[%emt 0:00:01]} Ne6 {[%emt 0:00:02]} 30. Rfd1 {[%emt 0:00:03]} Nd4 {[%emt 0:00:01]} 31. Qa4 {[%emt 0:00:05]} Qe8 {[%emt 0:00:01]} 32. Qa2 {[%emt 0:00:02]} Qc6 {[%emt 0:00:01]} 33. fxe5 {[%emt 0:00:02]} dxe5 {[%emt 0:00:05]} 34. c5 {[%emt 0:00:02]} Kh8 {[%emt 0:00:05]} 35. cxb6 {[%emt 0:00:02]} Qxb6 {[%emt 0:00:02]} 36. Qa3 {[%emt 0:00:03]} Qb4 {[%emt 0:00:02]} 37. Qa1 {[%emt 0:00:01]} a4 {[%emt 0:00:03]} 38. Qc1 {[%emt 0:00:03]} a3 {[%emt 0:00:05]} 39. Qc7 {[%emt 0:00:01]} Rb7 {[%emt 0:00:04]} 40. Qc1 {[%emt 0:00:04]} a2 {[%emt 0:00:01]} 41. Bf1 {[%emt 0:00:03]} Qb2+ {[%emt 0:00:01]} 42. Qxb2 {[%emt 0:00:02]} Rxb2+ {[%emt 0:00:00]} 43. Kg1 {[%emt 0:00:00]} Rb1 {[%emt 0:00:01]} 44. Rxb1 {[%emt 0:00:06]} axb1=Q 0-1

[Event "RUS-ch Women Blitz 2019"]
[Site "Sochi"]
[Date "2019.10.17"]
[Round "1.3"]
[White "Maltsevskaya, Aleksandra"]
[Black "Serditykh, Olesya"]
[Result "1-0"]
[WhiteElo "2333"]
[BlackElo "1990"]
[Annotator "NA"]
[PlyCount "46"]
[EventDate "2019.10.17"]
[EventType "swiss"]
[EventCountry "RUS"]
[SourceTitle "playchess.com"]
[Source "ChessBase"]
[SourceQuality "1"]
[TimeControl "180+2"]

1. e4 {[%emt 0:00:01]} e6 {[%emt 0:00:00]} 2. d3 {[%emt 0:00:02]} c5 {[%emt 0:00:15]} 3. g3 {[%emt 0:00:04]} Nc6 {[%emt 0:00:02]} 4. Bg2 {[%emt 0:00:02]} g6 {[%emt 0:00:04]} 5. Nf3 {[%emt 0:00:09]} Bg7 {[%emt 0:00:01]} 6. O-O {[%emt 0:00:02]} Nge7 {[%emt 0:00:01]} 7. Nbd2 {[%emt 0:00:03]} O-O {[%emt 0:00:05]} 8. Re1 {[%emt 0:00:04]} d6 {[%emt 0:00:08]} 9. Nc4 {[%emt 0:00:19]} b5 {[%emt 0:00:26]} 10. Ne3 {[%emt 0:00:03]} Rb8 {[%emt 0:00:01]} 11. a4 {[%emt 0:00:05]} a6 {[%emt 0:00:15]} 12. axb5 {[%emt 0:00:03]} axb5 {[%emt 0:00:01]} 13. h4 {[%emt 0:00:05]} e5 {[%emt 0:00:51]} 14. h5 {[%emt 0:00:08]} Nd4 {[%emt 0:00:05]} 15. c3 {[%emt 0:00:06]} Ne6 {[%emt 0:00:07]} 16. hxg6 {[%emt 0:00:09]} hxg6 {[%emt 0:00:35]} 17. Kh2 {[%emt 0:00:09]} f5 {[%emt 0:00:03]} 18. Nd5 {[%emt 0:00:11]} f4 {[%emt 0:00:14]} 19. Nh4 {[%emt 0:00:23]} Nxd5 {[%emt 0:00:13]} 20. exd5 {[%emt 0:00:01]} Ng5 {[%emt 0:00:01]} 21. gxf4 {[%emt 0:00:13]} exf4 {[%emt 0:00:06]} 22. Ra7 {[%emt 0:00:03]} f3 {[%emt 0:00:05]} 23. Nxg6 {[%emt 0:00:42]} Rf6 {[%emt 0:00:07]} 1-0

[Event "RUS-ch Women Blitz 2019"]
[Site "Sochi"]
[Date "2019.10.17"]
[Round "1.4"]
[White "Chekmareva, Liya"]
[Black "Pogonina, Natalija"]
[Result "1/2-1/2"]
[WhiteElo "2023"]
[BlackElo "2479"]
[Annotator "TA"]
[PlyCount "141"]
[EventDate "2019.10.17"]
[EventType "swiss"]
[EventCountry "RUS"]
[SourceTitle "playchess.com"]
[Source "ChessBase"]
[SourceQuality "1"]

{[%evp 16,141,20,8,13,10,24,0,19,0,0,0,50,30,39,20,37,31,45,16,35,31,48,41,45,32,29,12,45,-50,-48,-100,-9,-9,-9,-6,21,-21,0,0,0,0,0,1,5,-15,-28,-50,-11,-94,-71,-119,-56,-74,-21,-29,-33,-20,-16,-71,-70,-71,-84,-85,-63,-85,-58,-85,-76,-85,-85,-85,-63,-85,-63,-223,-211,-334,-319,-306,-85,-447,-447,-434,-427,-447,-447,-639,-406,-676,-425,-621,-443,-1107,-413,-1429,0,0,0,0,0,0,0,0,0,0,0,0,0,0,0,0,0,0,0,0,0,0,0,0,0,0,0,0,0,0,0,0]} 1. e4 e5 2. Bc4 Nc6 3. Nf3 Nf6 4. d3 Bc5 5. c3 O-O 6. Bb3 d6 7. Nbd2 {[%cal Bb1d2,Bd2f1,Bf1g3,Bg3f5][%mdl 32]} a6 8. h3 Ba7 9. Nf1 Be6 {C54: Giuoco Piano: 4 c3 Nf6, main lines with 5 d4 and 5 d3} (9... Ne7 10. Ng3 Ng6 11. O-O Be6 12. Bc2 c5 13. Re1 h6 14. Bd2 Qd7 15. Qc1 Rfe8 16. a4 a5 17. c4 {½-½ (26) Wei,Y (2706)-Bu,X (2698) Shenzhen 2016}) 10. Ng3 Bxb3 11. axb3 d5 12. Qe2 h6 13. O-O {[#]} d4 $146 ({Predecessor:} 13... Qd7 14. Nh4 Rad8 15. Qf3 dxe4 16. dxe4 Qd3 17. Be3 Bxe3 18. fxe3 {1-0 (45) Adhiban,B (2569)-Vishnu,P (2523) Jalgaon 2013}) 14. Nf5 Kh7 15. Nh2 Qd7 16. Qf3 Qe6 17. b4 dxc3 18. bxc3 Rad8 19. Rd1 Bb6 20. Be3 (20. Qe2 {looks sharper.} Rd7 21. Nf3 Rfd8 22. Bg5 Ne7 23. Ng3) 20... Bxe3 21. fxe3 Rd7 22. Rd2 (22. Ng3 $14) 22... Rfd8 $1 $15 23. Rad1 ({Don't go for} 23. Qg3 $2 g6 $19) (23. d4 $15 exd4 24. exd4) 23... Ne7 ({Black should play} 23... Qb3 $17 24. Ng4 Nxg4 25. Qxg4 g6) 24. Ng4 $11 Nxg4 25. Qxg4 {[%csl Gf5][%cal Rg4g7] [#]} Qg6 26. Qf3 Qe6 27. d4 exd4 28. exd4 Nxf5 29. exf5 Qd5 30. Qd3 Re8 31. c4 Qe4 32. Kf1 (32. d5 $11 {keeps the balance.}) 32... Qf4+ 33. Kg1 Qe3+ (33... Re3 $17 34. Qf1 Qxf1+ 35. Kxf1 Rb3) 34. Kf1 Re4 (34... Qg5 $17) 35. Qxe3 Rxe3 {[%mdl 4096] Endgame KRR-KRR} 36. Rd3 $1 {[%cal Rd3e3]} Re4 37. Kf2 (37. g3 $1 $11) 37... Rf4+ $17 38. Kg3 Rxf5 39. d5 g5 40. Rd4 Kg7 41. Kg4 Re5 42. Kf3 Rde7 43. R1d2 Re3+ 44. Kf2 R3e4 45. d6 $2 (45. c5 $15 Kf6 46. Kf3 Re3+ 47. Kf2) 45... cxd6 $19 46. Rxd6 (46. Rxe4 $142 Rxe4 47. Rxd6) 46... Rxc4 47. Rb6 Rc6 $2 (47... Rf4+ $19 {and Black stays clearly on top.} 48. Kg1 Rc7) 48. Rd6 $2 {[%mdl 8192]} (48. Rxc6 $17 {was the crucial defense.} bxc6 49. Ra2) 48... Rxd6 49. Rxd6 {KR-KR} b5 {[%cal Bb7b5,Bb5b4][%mdl 32]} 50. Rxa6 Re4 51. Rb6 (51. g4 $142 Rxb4 52. Ra3) 51... Rxb4 52. Kf3 (52. g4 $142) 52... Rb1 53. Kg4 (53. g4 $142) 53... b4 54. Kh5 (54. Kf3 $142) 54... Rb3 (54... Rg1 $142 55. Rxh6 f6 56. Rg6+ Kf7) 55. Rxh6 (55. Kg4 $142) 55... Rg3 $2 (55... f6 $19 {Hoping for ...Rg3.} 56. Rg6+ Kf7) 56. Rb6 $11 {The position is equal.} b3 {[#] Strongly threatening ...f5.} 57. h4 gxh4 58. Kxh4 Rc3 59. Kg5 Rd3 60. g4 Rc3 61. Kf4 Kf8 (61... b2 $5) 62. Kf5 Kg7 63. Kf4 Rd3 64. Kf5 Rf3+ 65. Ke4 Rh3 66. Kf5 Rc3 67. Kf4 f6 68. Kf5 Rc5+ 69. Kf4 Rc4+ 70. Kf5 Rc5+ 71. Ke4 {Accuracy: White = 37%, Black = 36%.} 1/2-1/2

[Event "RUS-ch Women Blitz 2019"]
[Site "Sochi"]
[Date "2019.10.20"]
[Round "1.4"]
[White "Baiburina, Kamilla"]
[Black "Zavivaeva, Evelina"]
[Result "0-1"]
[WhiteElo "1966"]
[BlackElo "1305"]
[Annotator "NA"]
[PlyCount "58"]
[EventDate "2019.10.17"]
[EventType "swiss"]
[EventCountry "RUS"]
[SourceTitle "playchess.com"]
[Source "ChessBase"]
[SourceQuality "1"]
[TimeControl "180+2"]

1. e4 {[%emt 0:00:00]} e5 {[%emt 0:00:00]} 2. Nf3 {[%emt 0:00:00]} Nc6 3. d4 exd4 {[%emt 0:00:04]} 4. Bc4 {[%emt 0:00:01]} Be7 {[%emt 0:00:37]} 5. c3 {[%emt 0:00:02]} dxc3 {[%emt 0:00:06]} 6. Qd5 {[%emt 0:00:02]} Nh6 {[%emt 0:01:01]} 7. Bxh6 {[%emt 0:00:02]} O-O {[%emt 0:00:02]} 8. Nxc3 {[%emt 0:01:03]} gxh6 {[%emt 0:00:13]} 9. Qh5 {[%emt 0:00:30]} Bf6 {[%emt 0:00:36]} 10. e5 {[%emt 0:00:50]} Bg7 {[%emt 0:00:26]} 11. O-O {[%emt 0:00:09]} d6 {[%emt 0:00:03]} 12. Rad1 {[%emt 0:00:10]} Qe7 {[%emt 0:00:12]} 13. Nd5 {[%emt 0:00:05]} Qd8 {[%emt 0:00:02]} 14. exd6 {[%emt 0:00:15]} cxd6 {[%emt 0:00:01]} 15. b3 {[%emt 0:00:08]} Be6 {[%emt 0:00:01]} 16. Ne3 {[%emt 0:00:04]} Bxc4 {[%emt 0:00:02]} 17. Nxc4 {[%emt 0:00:01]} d5 {[%emt 0:00:03]} 18. Rxd5 {[%emt 0:00:01]} Qf6 {[%emt 0:00:02]} 19. Rf5 {[%emt 0:00:03]} Qg6 {[%emt 0:00:02]} 20. Qxg6 {[%emt 0:00:02]} hxg6 {[%emt 0:00:01]} 21. Rd5 {[%emt 0:00:01]} Kh7 {[%emt 0:00:01]} 22. Nd6 {[%emt 0:00:00]} Rad8 {[%emt 0:00:02]} 23. Rfd1 {[%emt 0:00:01]} Rd7 {[%emt 0:00:01]} 24. Nxb7 {[%emt 0:00:01]} Rxb7 25. Rd6 Ne5 {[%emt 0:00:05]} 26. Nxe5 {[%emt 0:00:02]} Bxe5 {[%emt 0:00:01]} 27. g3 {[%emt 0:00:01]} Bxd6 {[%emt 0:00:01]} 28. Rxd6 {[%emt 0:00:00]} Rc8 {[%emt 0:00:01]} 29. Kg2 {[%emt 0:00:00]} Rc2 {[%emt 0:00:03]} 0-1

[Event "RUS-ch Women Blitz 2019"]
[Site "Sochi"]
[Date "2019.10.17"]
[Round "1.5"]
[White "Ambartsumova, Karina"]
[Black "Belkova, Diana"]
[Result "1-0"]
[WhiteElo "2341"]
[BlackElo "2030"]
[Annotator "NA"]
[PlyCount "55"]
[EventDate "2019.10.17"]
[EventType "swiss"]
[EventCountry "RUS"]
[SourceTitle "playchess.com"]
[Source "ChessBase"]
[SourceQuality "1"]
[TimeControl "180+2"]

1. Nf3 {[%emt 0:00:00]} Nf6 {[%emt 0:00:00]} 2. c4 {[%emt 0:00:02]} c5 {[%emt 0:00:01]} 3. Nc3 {[%emt 0:00:03]} Nc6 {[%emt 0:00:01]} 4. d4 {[%emt 0:00:01]} cxd4 {[%emt 0:00:01]} 5. Nxd4 {[%emt 0:00:01]} d6 {[%emt 0:00:05]} 6. g3 {[%emt 0:00:13]} g6 {[%emt 0:00:02]} 7. Bg2 {[%emt 0:00:02]} Bd7 {[%emt 0:00:01]} 8. O-O {[%emt 0:00:14]} Bg7 {[%emt 0:00:01]} 9. Nc2 {[%emt 0:00:01]} Qc8 {[%emt 0:00:01]} 10. Re1 {[%emt 0:00:11]} Bh3 {[%emt 0:00:02]} 11. Bh1 {[%emt 0:00:01]} h5 {[%emt 0:00:04]} 12. Nd5 {[%emt 0:00:14]} h4 {[%emt 0:00:29]} 13. Bg5 {[%emt 0:00:22]} hxg3 {[%emt 0:00:53]} 14. hxg3 {[%emt 0:00:02]} Nxd5 {[%emt 0:00:05]} 15. cxd5 {[%emt 0:00:05]} Ne5 {[%emt 0:00:01]} 16. Ne3 {[%emt 0:00:14]} Ng4 {[%emt 0:00:13]} 17. Qa4+ {[%emt 0:00:08]} Kf8 {[%emt 0:00:02]} 18. Rac1 {[%emt 0:00:01]} Nxe3 {[%emt 0:01:24]} 19. Rxc8+ {[%emt 0:00:04]} Rxc8 {[%emt 0:00:01]} 20. Bxe3 {[%emt 0:00:05]} Be5 {[%emt 0:00:08]} 21. Rc1 {[%emt 0:00:14]} Kg7 {[%emt 0:00:01]} 22. Bg2 {[%emt 0:00:12]} Bf5 {[%emt 0:00:01]} 23. Rxc8 {[%emt 0:00:05]} Rxc8 {[%emt 0:00:00]} 24. Bd4 {[%emt 0:00:04]} Rc1+ {[%emt 0:00:07]} 25. Kh2 {[%emt 0:00:01]} f6 {[%emt 0:00:01]} 26. Bxe5 {[%emt 0:00:03]} fxe5 {[%emt 0:00:01]} 27. Qxa7 {[%emt 0:00:02]} Kf6 {[%emt 0:00:03]} 28. Qxb7 {[%emt 0:00:03]} 1-0

[Event "RUS-ch Women Blitz 2019"]
[Site "Sochi"]
[Date "2019.10.17"]
[Round "1.6"]
[White "Shakhmurzova, Fatima"]
[Black "Guseva, Marina"]
[Result "0-1"]
[WhiteElo "1958"]
[BlackElo "2366"]
[Annotator "TA"]
[PlyCount "58"]
[EventDate "2019.10.17"]
[EventType "swiss"]
[EventCountry "RUS"]
[SourceTitle "playchess.com"]
[Source "ChessBase"]
[SourceQuality "1"]

{[%evp 12,90,11,10,22,12,16,10,10,0,0,7,68,76,71,82,71,39,38,31,37,39,89,82,105,24,30,-82,-91,-95,-41,-62,-47,-84,-39,-88,-90,-133,-72,-173,-167,-170,-72,-67,-50,-114,-111,-212,-143,-650,-649,-1172,-1134,-1095,-1032,-1002,-903,-1965,-1416,-29983,-1752,-29988,-29989,-29989,-29982,-12839,-2393,-12840,-12841,-29991,-29992,-29992,-29992,-29993,-29994,-29994,-29995,-29995,-29996,-29996,-29997]} 1. e4 c5 2. Nf3 d6 3. d4 cxd4 4. Nxd4 Nf6 5. Nc3 a6 6. h3 e5 7. Nde2 (7. Nf3 {keeps more tension.} Be7 8. Bc4 Be6 9. Bb3 Nbd7 10. Be3) 7... h5 {B90: Sicilian Najdorf: Unusual White 6th moves, 6 Be3 Ng4 and 6 Be3 e5} 8. g3 Be6 9. Bg2 b5 {The position is equal.} 10. Be3 Nbd7 11. O-O b4 $146 ({Black should play} 11... Rc8 $11) ({Predecessor:} 11... Be7 12. Nd5 Nxd5 13. exd5 Bf5 14. f4 Rc8 15. c3 {0-1 (53) Karjakin,S (2781)-Vachier Lagrave,M (2796) Paris 2017}) 12. Nd5 $14 Nxd5 13. exd5 Bf5 14. c4 bxc3 15. Nxc3 Be7 16. Rc1 h4 17. g4 Bg6 18. Kh1 ({Better is} 18. Be4 $16) 18... O-O $11 19. f4 (19. Na4 $11 {remains equal.}) 19... exf4 $17 20. Bxf4 Bg5 ({Black should try} 20... Nc5 $17 21. Na4 Nd3) 21. Qd2 $15 Bxf4 22. Qxf4 Ne5 23. Qd4 Rb8 24. b3 a5 (24... Nd3 $142 $1 {[%cal Rd3c1]} 25. Rcd1 Rb4) 25. Ne4 (25. Rce1 $17 {keeps fighting.}) 25... Rb4 $19 26. Qe3 Bxe4 (26... Re8 $1 $19 {has better winning chances. aiming for ...Nd7.} 27. Rf4 Nd7) 27. Bxe4 $17 a4 28. bxa4 (28. Qe1 $15 Qb6 29. Rb1) 28... Rxa4 29. Bb1 (29. Rc2 $17) 29... Qa5 {Played: Qd8-a8} 0-1

[Event "RUS-ch Women Blitz 2019"]
[Site "Sochi"]
[Date "2019.10.20"]
[Round "1.6"]
[White "But, Svetlana"]
[Black "Ovod, Evgenija"]
[Result "1-0"]
[WhiteElo "1947"]
[BlackElo "2347"]
[Annotator "NA"]
[PlyCount "107"]
[EventDate "2019.10.17"]
[EventType "swiss"]
[EventCountry "RUS"]
[SourceTitle "playchess.com"]
[Source "ChessBase"]
[SourceQuality "1"]
[TimeControl "180+2"]

1. d4 {[%emt 0:00:00]} Nf6 {[%emt 0:00:00]} 2. c4 {[%emt 0:00:00]} c5 {[%emt 0:00:00]} 3. d5 {[%emt 0:00:01]} e6 {[%emt 0:00:00]} 4. dxe6 {[%emt 0:00:02]} fxe6 {[%emt 0:00:04]} 5. Nc3 {[%emt 0:00:06]} d5 {[%emt 0:00:03]} 6. cxd5 {[%emt 0:00:01]} exd5 {[%emt 0:00:01]} 7. e3 {[%emt 0:00:02]} Nc6 {[%emt 0:00:03]} 8. Bb5 {[%emt 0:00:01]} Be7 {[%emt 0:00:07]} 9. Nf3 {[%emt 0:00:04]} O-O {[%emt 0:00:02]} 10. O-O {[%emt 0:00:03]} Bg4 {[%emt 0:00:04]} 11. Be2 {[%emt 0:00:03]} a6 {[%emt 0:00:10]} 12. h3 {[%emt 0:00:01]} Bh5 {[%emt 0:00:02]} 13. a4 {[%emt 0:00:17]} Qd6 {[%emt 0:00:03]} 14. Qb3 {[%emt 0:00:14]} Na5 {[%emt 0:00:10]} 15. Qd1 {[%emt 0:00:12]} Rad8 {[%emt 0:00:03]} 16. Nh4 {[%emt 0:00:33]} Bxe2 {[%emt 0:00:07]} 17. Qxe2 {[%emt 0:00:02]} Qe5 {[%emt 0:00:10]} 18. Nf3 {[%emt 0:00:02]} Qf5 {[%emt 0:00:07]} 19. Nh4 {[%emt 0:00:09]} Qe6 {[%emt 0:00:06]} 20. Nf3 {[%emt 0:00:08]} Bd6 {[%emt 0:00:05]} 21. Rd1 {[%emt 0:00:05]} Bb8 {[%emt 0:00:09]} 22. Qc2 {[%emt 0:00:09]} h6 {[%emt 0:00:17]} 23. Ne2 {[%emt 0:00:01]} Ne4 {[%emt 0:00:06]} 24. Nc3 {[%emt 0:00:14]} Nc6 {[%emt 0:00:28]} 25. Bd2 {[%emt 0:00:03]} Nb4 {[%emt 0:00:30]} 26. Qb1 {[%emt 0:00:14]} Nc6 {[%emt 0:00:14]} 27. Be1 {[%emt 0:00:05]} Nf6 {[%emt 0:00:28]} 28. Qc2 {[%emt 0:00:10]} Ne5 {[%emt 0:00:02]} 29. Nxe5 {[%emt 0:00:16]} Qxe5 {[%emt 0:00:01]} 30. g3 {[%emt 0:00:01]} Nh7 {[%emt 0:00:04]} 31. Qb3 {[%emt 0:00:11]} c4 {[%emt 0:00:06]} 32. Qxb7 {[%emt 0:00:04]} Rf7 {[%emt 0:00:04]} 33. Qc6 {[%emt 0:00:09]} Rf6 {[%emt 0:00:05]} 34. Qc5 {[%emt 0:00:06]} Ng5 {[%emt 0:00:02]} 35. Rxd5 {[%emt 0:00:05]} Nf3+ {[%emt 0:00:01]} 36. Kg2 {[%emt 0:00:05]} Nxe1+ {[%emt 0:00:03]} 37. Rxe1 {[%emt 0:00:00]} Qe6 {[%emt 0:00:02]} 38. Rxd8+ {[%emt 0:00:02]} Kh7 {[%emt 0:00:01]} 39. Qd5 {[%emt 0:00:03]} Qe7 {[%emt 0:00:01]} 40. Rd7 {[%emt 0:00:02]} Qf8 {[%emt 0:00:01]} 41. Rd8 {[%emt 0:00:01]} Rxf2+ {[%emt 0:00:01]} 42. Kg1 {[%emt 0:00:01]} Qf6 {[%emt 0:00:01]} 43. Ne4 {[%emt 0:00:05]} Qf3 {[%emt 0:00:02]} 44. Nxf2 {[%emt 0:00:01]} Qxg3+ {[%emt 0:00:01]} 45. Qg2 {[%emt 0:00:01]} Qe5 {[%emt 0:00:01]} 46. Rd7 {[%emt 0:00:02]} Bd6 {[%emt 0:00:02]} 47. Qe4+ {[%emt 0:00:02]} Kg8 {[%emt 0:00:02]} 48. Qxe5 Bxe5 {[%emt 0:00:00]} 49. Re7 {[%emt 0:00:01]} Bxb2 {[%emt 0:00:02]} 50. Re6 {[%emt 0:00:01]} c3 {[%emt 0:00:01]} 51. Rc6 {[%emt 0:00:01]} a5 {[%emt 0:00:01]} 52. Nd3 {[%emt 0:00:01]} Kf7 {[%emt 0:00:01]} 53. Nxb2 {[%emt 0:00:01]} cxb2 54. Rb1 1-0